| 000 -LEADER |
| fixed length control field |
00653nam a2200217Ia 4500 |
| 001 - CONTROL NUMBER |
| control field |
17377 |
| 003 - CONTROL NUMBER IDENTIFIER |
| control field |
GE_BSU |
| 005 - DATE AND TIME OF LATEST TRANSACTION |
| control field |
20200226111441.0 |
| 008 - FIXED-LENGTH DATA ELEMENTS--GENERAL INFORMATION |
| fixed length control field |
181216s1976||||enk|||||||||||||| ||eng|| |
| 040 ## - CATALOGING SOURCE |
| Transcribing agency |
GE_BSU |
| 041 ## - LANGUAGE CODE |
| Language code of text/sound track or separate title |
eng |
| 080 ## - UNIVERSAL DECIMAL CLASSIFICATION NUMBER |
| Universal Decimal Classification number |
616-093 Ch-49 |
| 100 ## - MAIN ENTRY--PERSONAL NAME |
| Personal name |
Chatterjee, K.D. |
| 9 (RLIN) |
7459 |
| 245 ## - TITLE STATEMENT |
| Title |
Parasitology : |
| Remainder of title |
Protozoology and Helminthology in Relation to Clinical Medicine / |
| Statement of responsibility, etc. |
K. D. Chatterjee. |
| 264 ## - PRODUCTION, PUBLICATION, DISTRIBUTION, MANUFACTURE, AND COPYRIGHT NOTICE |
| Place of production, publication, distribution, manufacture |
Calcutta, |
| Date of production, publication, distribution, manufacture, or copyright notice |
1976. |
| 300 ## - PHYSICAL DESCRIPTION |
| Extent |
237 p. |
| 653 ## - INDEX TERM--UNCONTROLLED |
| keyword |
პარაზიტოლოგია |
| 653 ## - INDEX TERM--UNCONTROLLED |
| keyword |
პროტოზოოლოგია |
| 653 ## - INDEX TERM--UNCONTROLLED |
| keyword |
ჰელმინთოლოგია |
| 942 ## - ADDED ENTRY ELEMENTS (KOHA) |
| Koha item type |
წიგნი |
| Source of classification or shelving scheme |
|